000 00556nam a2200205 i 4500
001 147012
003 ES-MaACL
007 t|
008 070920s1953 sp ||||1| spa d
080 _a621.396.621
100 1 _aDarkness, R. J.
_942731
245 1 0 _aDesfile de circuitos /
_cR.J. de Darkness [seud.].
250 _a1ª ed.
260 _aBarcelona :
_bBruguera,
_c1953.
300 _a237 p. :
_bil. ;
_c20 cm.
490 1 _aTécnica al día
830 0 _aTécnica al día
_9187437
852 _aES-MaACL
_jC-6082
_bR.53313
999 _c147012
_d147012